[Event "USCL Week 1"]
[Site "Internet Chess Club"]
[Date "2014.08.26"]
[Round "?"]
[White "Mandizha, Farai"]
[Black "Katz, Alexander"]
[Result "1-0"]
[WhiteElo "2478"]
[BlackElo "2380"]
[PlyCount "69"]
[EventDate "2014.??.??"]

1. c4 Nf6 2. Nc3 e6 3. Nf3 d5 4. d4 Bb4 5. Qa4+ Nc6 6. a3 Bxc3+ 7. bxc3 Ne4 8.
Qc2 b6 9. e3 Bb7 10. Bd3 Ne7 11. O-O O-O 12. a4 Ng6 13. a5 Rc8 14. axb6 axb6
15. Ra7 Ba8 16. cxd5 exd5 17. Ba6 Rb8 18. Bb5 Nd6 19. Bd3 Bc6 20. Ne5 Bb5 21.
Ba3 Bxd3 22. Nxd3 Nb5 23. Bxf8 Nxa7 24. Bb4 b5 25. Ra1 Nc8 26. Bc5 Nce7 27. Nb4
Qd7 28. Ra7 Nc8 29. Ra6 Nge7 30. Qa2 Qg4 31. h3 Qf5 32. Ra8 Rxa8 33. Qxa8 Kf8
34. Nxd5 Qe4 35. Qxc8# 1-0

[Event "USCL Week 1"]
[Site "Internet Chess Club"]
[Date "2014.08.26"]
[Round "?"]
[White "Klein, Ethan"]
[Black "Smith, Shaun"]
[Result "1/2-1/2"]
[WhiteElo "2022"]
[BlackElo "2065"]
[PlyCount "93"]
[EventDate "2014.??.??"]

1. d4 Nf6 2. c4 c5 3. d5 b5 4. cxb5 a6 5. e3 g6 6. Nc3 Bg7 7. Nf3 O-O 8. e4 d6
9. a4 Nbd7 10. bxa6 Bxa6 11. Bxa6 Rxa6 12. O-O Qb6 13. Qc2 Qb4 14. Bg5 h6 15.
Bd2 Rb8 16. Rfb1 Qb3 17. Qd3 c4 18. Qe2 Ng4 19. h3 Nge5 20. Nd4 Qb6 21. Be3 Nc5
22. b3 Qa5 23. bxc4 Rxb1+ 24. Nxb1 Qb4 25. Bd2 Qxc4 26. Qxc4 Nxc4 27. Bc3 Nxe4
28. Nb5 Nxc3 29. N1xc3 Nb6 30. Ra3 Ra8 31. Kf1 Nc4 32. Ra2 Ra5 33. Ke2 Nb6 34.
Kd3 Kf8 35. Kc2 Ke8 36. Kb3 Bxc3 37. Nxc3 Nxd5 38. Nxd5 Rxd5 39. Kb4 Rc5 40. a5
Rc8 41. Kb5 Kd7 42. Kb6 Rc6+ 43. Kb7 Rc7+ 44. Kb8 Rc8+ 45. Kb7 Rc7+ 46. Kb8
Rc8+ 47. Kb7 1/2-1/2

[Event "USCL Week 1"]
[Site "Internet Chess Club"]
[Date "2014.08.26"]
[Round "?"]
[White "Benjamin, Joel"]
[Black "Ostrovskiy, Aleksandr"]
[Result "1/2-1/2"]
[WhiteElo "2634"]
[BlackElo "2486"]
[PlyCount "94"]
[EventDate "2014.??.??"]

1. e4 e6 2. d4 d5 3. exd5 exd5 4. Nf3 Nf6 5. c4 Bb4+ 6. Nc3 O-O 7. Be2 dxc4 8.
Bxc4 Bg4 9. O-O Nc6 10. Be3 Qd6 11. Be2 Rad8 12. Qc2 h6 13. a3 Ba5 14. Rad1
Rfe8 15. h3 Bh5 16. Nh4 Bxe2 17. Nxe2 Nd5 18. Nf5 Qg6 19. Neg3 Nce7 20. b4 Bb6
21. Bc1 Nxf5 22. Nxf5 Ne7 23. Nxe7+ Rxe7 24. Qxg6 fxg6 25. Be3 Rd5 26. Rd3 Red7
27. Rfd1 a5 28. bxa5 Bxa5 29. Rb3 c5 30. Kf1 cxd4 31. Bd2 Kf7 32. Bxa5 Rxa5 33.
Rdb1 b5 34. Rd3 Rd5 35. Re1 Ra4 36. g4 Ra6 37. Re4 Rad6 38. Kg2 g5 39. Rf3+ Rf6
40. Rd3 Rfd6 41. Rf3+ Kg6 42. Rd3 Ra6 43. Kh2 Kf7 44. Kg2 Kg6 45. Kh2 Rf6 46.
Kg2 Rfd6 47. Kh2 Ra6 1/2-1/2

[Event "USCL Week 1"]
[Site "Internet Chess Club"]
[Date "2014.08.26"]
[Round "?"]
[White "Hungaski, Robert"]
[Black "Stripunsky, Alex"]
[Result "1/2-1/2"]
[WhiteElo "2551"]
[BlackElo "2656"]
[PlyCount "105"]
[EventDate "2014.??.??"]

1. d4 d5 2. c4 c6 3. cxd5 cxd5 4. Nc3 Nc6 5. Bf4 Nf6 6. e3 a6 7. Bd3 Bg4 8.
Nge2 e6 9. Rc1 Bxe2 10. Qxe2 Bd6 11. Bxd6 Qxd6 12. O-O O-O 13. Na4 Nd7 14. a3
g6 15. b4 e5 16. dxe5 Ncxe5 17. Qd2 Rac8 18. Be2 b5 19. Nc3 Nf6 20. Qd4 Rfd8
21. Rfd1 Qe6 22. a4 Nc6 23. Qb6 Nxb4 24. Qa5 Qe7 25. axb5 axb5 26. Nxb5 Ne4 27.
Rxc8 Rxc8 28. Qa3 Qf6 29. f3 Nc2 30. Qb3 Qb6 31. fxe4 Nxe3 32. Rd4 Rc1+ 33. Kf2
Nc2 34. Qxd5 Qf6+ 35. Kg3 Nxd4 36. Nxd4 Rc3+ 37. Nf3 Qe7 38. h4 Qc7+ 39. e5 Rc2
40. Bd3 Rc5 41. Qd4 f6 42. Qf4 fxe5 43. Qe4 Kg7 44. h5 Rc6 45. Qxe5+ Qxe5+ 46.
Nxe5 Re6 47. Kf4 gxh5 48. g3 Rd6 49. Be2 Kf6 50. Nf3 h6 51. Bf1 Rb6 52. Bd3
Rb4+ 53. Be4 1/2-1/2

[Event "USCL Week 1"]
[Site "Internet Chess Club"]
[Date "2014.08.26"]
[Round "?"]
[White "Chase, Christopher"]
[Black "Minear, Peter"]
[Result "0-1"]
[WhiteElo "2411"]
[BlackElo "2365"]
[PlyCount "68"]
[EventDate "2014.??.??"]

1. Nf3 Nf6 2. g3 d5 3. Bg2 c6 4. O-O Bg4 5. Ne5 Bf5 6. d4 e6 7. c4 Nbd7 8. Nc3
Be7 9. Bf4 O-O 10. h3 h6 11. Qd2 Bh7 12. g4 Re8 13. Rad1 Qb6 14. Nxd7 Nxd7 15.
e4 dxc4 16. Rfe1 Rad8 17. Qe2 Qa6 18. Qe3 b5 19. a3 Nb6 20. Qg3 Na4 21. Nxa4
Qxa4 22. Bc7 Rd7 23. d5 Bc5 24. Bf3 Qc2 25. Be5 exd5 26. exd5 cxd5 27. Rxd5
Rxd5 28. Bxd5 Qd2 29. Bxf7+ Kxf7 30. Qf3+ Kg8 31. Re2 Qd7 32. Qc3 Bd3 33. Re1
Qf7 34. Qd2 Qf3 0-1

[Event "USCL Week 1"]
[Site "Internet Chess Club"]
[Date "2014.08.26"]
[Round "?"]
[White "Lenderman, Alex"]
[Black "Becerra, Julio"]
[Result "1-0"]
[WhiteElo "2701"]
[BlackElo "2626"]
[PlyCount "67"]
[EventDate "2014.??.??"]

1. d4 Nf6 2. c4 g6 3. Nc3 Bg7 4. e4 d6 5. Nf3 O-O 6. Be2 e5 7. O-O Nc6 8. Be3
Ng4 9. Bg5 f6 10. Bc1 exd4 11. Nxd4 f5 12. Nxc6 bxc6 13. exf5 gxf5 14. Bf4 Rb8
15. Qd2 c5 16. Rad1 Bb7 17. Nd5 Bd4 18. b3 Qd7 19. Bxg4 fxg4 20. Be3 Bxe3 21.
Qxe3 Qg7 22. Rfe1 Rf7 23. b4 cxb4 24. Qxa7 Qf8 25. Qd4 Qg7 26. Qa7 Qf8 27. Qe3
Qg7 28. c5 Kh8 29. cxd6 cxd6 30. Nf4 Qe5 31. Qa7 Qxf4 32. Qxb8+ Kg7 33. Qa7
Bxg2 34. Re7 1-0

[Event "USCL Week 1"]
[Site "Internet Chess Club"]
[Date "2014.08.26"]
[Round "?"]
[White "Vigorito, David"]
[Black "Bartell, Tom"]
[Result "1-0"]
[WhiteElo "2519"]
[BlackElo "2448"]
[PlyCount "77"]
[EventDate "2014.??.??"]

1. g3 e5 2. c4 Nc6 3. Nc3 g6 4. Bg2 Bg7 5. d3 d6 6. e4 Be6 7. Nge2 Qd7 8. Nd5
Nd8 9. O-O c6 10. Ndc3 Ne7 11. b3 O-O 12. d4 exd4 13. Nxd4 c5 14. Nde2 Ndc6 15.
Be3 a6 16. Nd5 Bxd5 17. cxd5 Ne5 18. h3 Qd8 19. Rc1 Nd7 20. Qd2 Rc8 21. g4 Kh8
22. f4 f5 23. Ng3 Qb6 24. exf5 gxf5 25. Nh5 Nf6 26. Nxg7 Kxg7 27. Rce1 Rce8 28.
Kh1 h5 29. gxh5 Nxh5 30. Rg1 Rh8 31. Bf3+ Kf7 32. Rg5 Nf6 33. Qg2 Rh7 34. Bd2
Reh8 35. Rg7+ Kf8 36. Rexe7 Rxh3+ 37. Kg1 Rh1+ 38. Qxh1 Rxh1+ 39. Kxh1 1-0

[Event "USCL Week 1"]
[Site "Internet Chess Club"]
[Date "2014.08.26"]
[Round "?"]
[White "Bodek, Michael"]
[Black "Martirosov, Vadim"]
[Result "1-0"]
[WhiteElo "2502"]
[BlackElo "2381"]
[PlyCount "77"]
[EventDate "2014.??.??"]

1. e4 e5 2. Nf3 Nc6 3. Bc4 Bc5 4. c3 Nf6 5. d3 d6 6. O-O O-O 7. Bb3 h6 8. Nbd2
Re8 9. h3 d5 10. exd5 Nxd5 11. Nc4 Nb6 12. Ncxe5 Nxe5 13. Nxe5 Rxe5 14. d4 Bxd4
15. cxd4 Re7 16. Qd3 Nd5 17. Bc2 f5 18. Bd2 c6 19. Rae1 Bd7 20. Bb3 Kh8 21.
Bxd5 cxd5 22. Rxe7 Qxe7 23. Re1 Qh4 24. Qa3 Rc8 25. Qd6 Bc6 26. Re7 Qf6 27.
Qxf6 gxf6 28. Bxh6 Re8 29. Bg7+ Kh7 30. Bxf6+ Kg6 31. Rxe8 Bxe8 32. Be5 Bb5 33.
f3 Bc4 34. a3 Kg5 35. g3 Be2 36. Kf2 Bd1 37. g4 f4 38. Kg2 a5 39. h4+ 1-0

[Event "USCL Week 1"]
[Site "Internet Chess Club"]
[Date "2014.08.26"]
[Round "?"]
[White "Williams, Chris"]
[Black "Checa, Nicolas"]
[Result "1-0"]
[WhiteElo "2310"]
[BlackElo "2396"]
[PlyCount "79"]
[EventDate "2014.??.??"]

1. d4 Nf6 2. Nf3 g6 3. c4 Bg7 4. Nc3 d5 5. cxd5 Nxd5 6. e4 Nxc3 7. bxc3 c5 8.
Be2 O-O 9. O-O Nc6 10. Be3 Qc7 11. Qc1 Bg4 12. h3 Bxf3 13. Bxf3 cxd4 14. cxd4
Rfc8 15. Qb2 e5 16. d5 Nd4 17. Bg4 f5 18. Rfc1 Qf7 19. exf5 gxf5 20. Bd1 Kh8
21. d6 Nc6 22. Rab1 b6 23. Ba4 Qb7 24. Qb5 Nd4 25. Bxd4 exd4 26. Qxf5 Rf8 27.
Qd3 Rad8 28. Rc7 Qd5 29. Bc2 Qh5 30. Rb5 Qh6 31. Rg5 Rg8 32. Qf5 d3 33. Bxd3
Rdf8 34. Rcxg7 Qxg7 35. Rxg7 Rxf5 36. Rxg8+ Kxg8 37. Bxf5 Kf7 38. Kf1 b5 39.
Ke2 a5 40. Kd3 1-0

[Event "USCL Week 1"]
[Site "Internet Chess Club"]
[Date "2014.08.26"]
[Round "?"]
[White "Andretta, Carlos Gaston"]
[Black "Kim, Yoon-Young"]
[Result "0-1"]
[WhiteElo "2228"]
[BlackElo "2116"]
[PlyCount "78"]
[EventDate "2014.??.??"]

1. Nf3 d5 2. c4 c6 3. g3 Nf6 4. Bg2 Bf5 5. b3 e6 6. Bb2 Nbd7 7. O-O h6 8. d3
Bc5 9. Nbd2 O-O 10. a3 a5 11. cxd5 exd5 12. Bd4 Re8 13. Bxc5 Nxc5 14. b4 axb4
15. axb4 Rxa1 16. Qxa1 Na6 17. Nd4 Bg4 18. b5 cxb5 19. e3 Qb6 20. Rb1 Bd7 21.
N2b3 Rc8 22. Qa5 Qxa5 23. Nxa5 b6 24. Nb7 Rc7 25. Nd6 b4 26. Bf1 Rc3 27. N6b5
Rc5 28. Nd6 Ba4 29. Ra1 b5 30. N4xb5 Bxb5 31. d4 Bxf1 32. dxc5 Bd3 33. c6 b3
34. Nc4 dxc4 35. Rxa6 b2 36. Ra8+ Kh7 37. Rb8 b1=Q+ 38. Rxb1 Bxb1 39. c7 Bf5
0-1

[Event "USCL Week 1"]
[Site "Internet Chess Club"]
[Date "2014.08.26"]
[Round "?"]
[White "Korley, Kassa"]
[Black "Aaron, Deepak"]
[Result "1-0"]
[WhiteElo "2486"]
[BlackElo "2446"]
[PlyCount "69"]
[EventDate "2014.??.??"]

1. e3 d5 2. Nf3 Nf6 3. Be2 e6 4. O-O Bd6 5. d4 Nbd7 6. c4 c6 7. b3 O-O 8. Bb2
b6 9. Nbd2 Bb7 10. Qc2 c5 11. cxd5 exd5 12. Rac1 Re8 13. Rfd1 Qe7 14. Qf5 a6
15. Qh3 Rad8 16. g3 Ne4 17. Nxe4 dxe4 18. Nh4 g6 19. dxc5 Be5 20. Bxe5 Nxe5 21.
cxb6 Qa3 22. Rc7 Rxd1+ 23. Bxd1 Qd6 24. Rxb7 Qxd1+ 25. Qf1 Qd6 26. Qc1 Nd3 27.
Qc3 Nc5 28. Rc7 Qd1+ 29. Kg2 Nd3 30. b7 Qe2 31. Qf6 Ne1+ 32. Kg1 Rf8 33. b8=R
Nf3+ 34. Nxf3 Qd1+ 35. Ne1 1-0

[Event "USCL Week 1"]
[Site "Internet Chess Club"]
[Date "2014.08.26"]
[Round "?"]
[White "Studen, Damir"]
[Black "Schroer, Jonathan"]
[Result "1-0"]
[WhiteElo "2372"]
[BlackElo "2426"]
[PlyCount "87"]
[EventDate "2014.??.??"]

1. d4 Nf6 2. Nf3 g6 3. g3 Bg7 4. Bg2 O-O 5. O-O d5 6. c4 dxc4 7. Ne5 Nc6 8.
Nxc6 bxc6 9. Bxc6 Bh3 10. Re1 Nd5 11. a3 f5 12. Qc2 Nb6 13. e3 Rc8 14. Nd2 Qd6
15. Bf3 c5 16. d5 c3 17. bxc3 Nxd5 18. Bb2 Nb6 19. c4 e5 20. a4 e4 21. Bxg7
Kxg7 22. Be2 Qf6 23. Rab1 Rb8 24. Rb5 Nd7 25. Reb1 a6 26. Rb7 Rxb7 27. Rxb7 Rf7
28. Qb2 Qxb2 29. Rxb2 Ne5 30. f4 exf3 31. Nxf3 Re7 32. Nxe5 Rxe5 33. Kf2 Bg4
34. Bf1 Bd1 35. a5 Re8 36. Rb6 Rd8 37. Rxa6 Bh5 38. g4 Bxg4 39. Rc6 Rd2+ 40.
Kg3 Rd1 41. Bg2 g5 42. a6 Ra1 43. Rc7+ Kf6 44. a7 1-0

[Event "USCL Week 1"]
[Site "Internet Chess Club"]
[Date "2014.08.26"]
[Round "?"]
[White "Pressman, Leif"]
[Black "Rodriguez, Eric"]
[Result "1/2-1/2"]
[WhiteElo "2432"]
[BlackElo "2386"]
[PlyCount "73"]
[EventDate "2014.??.??"]

1. e4 e5 2. Nf3 Nc6 3. Bc4 Nf6 4. Ng5 d5 5. exd5 Na5 6. Bb5+ Bd7 7. Qe2 Be7 8.
Bxd7+ Qxd7 9. c4 Qg4 10. Qxg4 Nxg4 11. d3 c6 12. Nc3 h6 13. Nf3 Nf6 14. Nxe5
cxd5 15. cxd5 Rd8 16. Nc4 Bb4 17. O-O Nxd5 18. Re1+ Kf8 19. Bd2 Nxc3 20. Bxc3
Bxc3 21. bxc3 Nxc4 22. dxc4 h5 23. Rab1 Rd7 24. g3 Rh6 25. Rb5 Rc6 26. Rxh5 g6
27. Rd5 Rxd5 28. cxd5 Rxc3 29. d6 Rd3 30. Re7 b5 31. Rxa7 Rxd6 32. h4 Rd2 33.
Kg2 Rd3 34. Ra5 b4 35. Ra4 b3 36. axb3 Rxb3 37. Ra7 1/2-1/2

[Event "USCL Week 1"]
[Site "Internet Chess Club"]
[Date "2014.08.26"]
[Round "?"]
[White "Gorman, Dov"]
[Black "Winer, Steven"]
[Result "1-0"]
[WhiteElo "2400"]
[BlackElo "2419"]
[PlyCount "107"]
[EventDate "2014.??.??"]

1. Nf3 d5 2. c4 c6 3. e3 Nf6 4. Nc3 e6 5. Qc2 Nbd7 6. b3 Bd6 7. Bb2 O-O 8. d4
b6 9. Bd3 Bb7 10. O-O Rc8 11. Rad1 Qe7 12. e4 dxe4 13. Nxe4 Nxe4 14. Bxe4 Nf6
15. Ne5 Nxe4 16. Qxe4 c5 17. Qg4 cxd4 18. Bxd4 f6 19. Nf3 Bb4 20. Bb2 Rfe8 21.
Rd3 Rcd8 22. Rfd1 e5 23. Nh4 Rxd3 24. Rxd3 Bc8 25. Nf5 Qb7 26. Nh6+ Kf8 27. Qh4
Qc6 28. h3 Bc5 29. Qh5 gxh6 30. Qxh6+ Kf7 31. Qxh7+ Ke6 32. Rd5 Bd6 33. f4 Bc5+
34. Kh1 exf4 35. Bxf6 Qxd5 36. cxd5+ Kxf6 37. Qh6+ Ke7 38. Qxf4 Bd6 39. Qg5+
Kd7 40. g4 Bb7 41. Qf5+ Kc7 42. Kg1 Re5 43. Qf7+ Be7 44. Qf4 Kd6 45. Qa4 Rxd5
46. Qe8 Re5 47. Qb8+ Ke6 48. Qxb7 Bc5+ 49. Kf1 a5 50. h4 Re3 51. Qc8+ Ke5 52.
Qf5+ Kd4 53. g5 Re8 54. Qd7+ 1-0

[Event "USCL Week 1"]
[Site "Internet Chess Club"]
[Date "2014.08.26"]
[Round "?"]
[White "Henley, Ron"]
[Black "Rohde, Michael"]
[Result "1/2-1/2"]
[WhiteElo "2466"]
[BlackElo "2548"]
[PlyCount "50"]
[EventDate "2014.??.??"]

1. d4 Nf6 2. c4 e6 3. Nc3 Bb4 4. Qc2 c5 5. dxc5 O-O 6. a3 Bxc5 7. Nf3 b6 8. Bf4
Bb7 9. Rd1 a5 10. e4 Na6 11. Be2 Nh5 12. Bc1 Qc7 13. Nb5 Qb8 14. e5 f6 15. Rxd7
fxe5 16. O-O Nf6 17. Rdd1 Bxf3 18. Bxf3 e4 19. Be2 Qe5 20. Qc3 Qxc3 21. Nxc3
Rad8 22. Rxd8 Rxd8 23. Rd1 Rxd1+ 24. Bxd1 Bd4 25. Nb5 e5 1/2-1/2

[Event "USCL Week 1"]
[Site "Internet Chess Club"]
[Date "2014.08.26"]
[Round "?"]
[White "Bozkurt, Ilker"]
[Black "Gulamali, Kazim"]
[Result "1/2-1/2"]
[WhiteElo "2383"]
[BlackElo "2397"]
[PlyCount "95"]
[EventDate "2014.??.??"]

1. e4 c5 2. Nf3 d6 3. d4 cxd4 4. Nxd4 Nf6 5. Nc3 a6 6. Be2 e6 7. O-O Qc7 8. a4
Be7 9. Be3 Nc6 10. f4 O-O 11. Kh1 Re8 12. Bf3 Bd7 13. Nb3 Na5 14. Nxa5 Qxa5 15.
Qd3 e5 16. f5 Rac8 17. g4 h6 18. h4 d5 19. Nxd5 Nxd5 20. exd5 Bxh4 21. Be4 Qb4
22. Bd2 Qd4 23. Bc3 Qxd3 24. cxd3 b6 25. Kg2 a5 26. Kf3 Bf6 27. Rfc1 Bg5 28.
Rd1 Bf6 29. Rdc1 Bg5 30. Rd1 Bf6 31. Rh1 Rc5 32. Rhd1 Bc8 33. Bd2 Rc2 34. b3
Bb7 35. Be3 Rd8 36. Bxb6 Rxd5 37. Bxa5 Rxa5 38. Bxb7 e4+ 39. Bxe4 Bxa1 40. Rxa1
Rb2 41. Rc1 Rxb3 42. Rc8+ Kh7 43. f6+ g6 44. Rc7 Kg8 45. Rc8+ Kh7 46. Rc7 Kg8
47. Rc8+ Kh7 48. Rc7 1/2-1/2

[Event "USCL Week 1"]
[Site "Internet Chess Club"]
[Date "2014.08.26"]
[Round "?"]
[White "Hernandez-Camen, Angel"]
[Black "Liu, Andrew"]
[Result "1/2-1/2"]
[WhiteElo "2231"]
[BlackElo "2284"]
[PlyCount "123"]
[EventDate "2014.??.??"]

1. e4 c5 2. Nf3 d6 3. d4 cxd4 4. Nxd4 Nf6 5. Nc3 g6 6. Be2 Bg7 7. O-O O-O 8.
Bg5 Nbd7 9. Kh1 Nc5 10. f3 Bd7 11. Qd2 Rc8 12. Nb3 a6 13. Rad1 Nxb3 14. axb3
Bc6 15. Nd5 Bxd5 16. exd5 Qc7 17. c4 Rfe8 18. b4 Nd7 19. Rc1 Qb8 20. b3 Bf6 21.
Be3 b6 22. f4 a5 23. Bg4 Red8 24. Rb1 axb4 25. Qxb4 Rc7 26. Bxd7 Rdxd7 27. Qxb6
Rb7 28. Qa6 Rb4 29. Bd2 Rb6 30. Qa2 Ra7 31. Qc2 Ra3 32. b4 Rba6 33. b5 R6a4 34.
Rb4 Ra7 35. Rb3 R3a4 36. b6 Rb7 37. Be3 Qa8 38. h3 Ra2 39. Qd3 Qa4 40. Rfb1 Qa8
41. c5 dxc5 42. Bxc5 Qc8 43. Bg1 Qd7 44. Qc4 Qd8 45. Rc1 Kg7 46. Rd3 Qa8 47.
Rf3 Rd7 48. Qc6 Rb7 49. Rd1 Qa6 50. Rdf1 Rd2 51. R3f2 Rd3 52. Rf3 Rd2 53. Re1
Rb8 54. Qc5 Qa2 55. Rf2 Qxd5 56. Qxd5 Rxd5 57. Rf3 Rb5 58. Rd3 Rb7 59. Rc1
R7xb6 60. Bxb6 Rxb6 61. Rd7 Rb2 62. Rcd1 1/2-1/2

[Event "USCL Week 1"]
[Site "Internet Chess Club"]
[Date "2014.08.26"]
[Round "?"]
[White "Huang, Gary"]
[Black "Krasik, Ilya"]
[Result "1/2-1/2"]
[WhiteElo "2358"]
[BlackElo "2264"]
[PlyCount "176"]
[EventDate "2014.??.??"]

1. c4 b6 2. Nc3 Bb7 3. e4 c5 4. Nge2 d6 5. g3 e5 6. Bg2 Nf6 7. O-O Be7 8. d3
O-O 9. f4 Nc6 10. h3 Nd4 11. Nxd4 cxd4 12. Ne2 Nd7 13. g4 Bh4 14. Rb1 a6 15.
Rf3 b5 16. b3 Nc5 17. Ba3 Qb6 18. Bxc5 Qxc5 19. fxe5 dxe5 20. b4 Qe7 21. c5 a5
22. a3 axb4 23. axb4 Bg5 24. Qe1 Ra3 25. Nc1 Rc3 26. Nb3 Ra8 27. Na5 Bc8 28.
Ra1 Ra6 29. Bf1 h5 30. gxh5 Bf4 31. Ra2 Rc1 32. Qe2 Qg5+ 33. Qg2 Qxh5 34. c6
Be6 35. Rb2 Bc8 36. Ra2 Rb1 37. Rc2 Rxb4 38. Nb7 Rb1 39. Nd6 Be6 40. Ne8 Qh6
41. Nc7 Raa1 42. Nxe6 Qxe6 43. c7 Qc8 44. Qg4 Ra8 45. Qh4 b4 46. Rg2 Qxc7 47.
Qf6 g6 48. h4 Qd8 49. Rxf4 exf4 50. Qxf4 Raa1 51. Rf2 Qd7 52. Qg3 b3 53. h5 b2
54. Qb8+ Kg7 55. Qe5+ Kg8 56. Qb8+ Kh7 57. hxg6+ Kg7 58. Qe5+ Kg8 59. gxf7+
Qxf7 60. Qb8+ Kg7 61. Qe5+ Kf8 62. Qb8+ Kg7 63. Rg2+ Qg6 64. Qe5+ Kf7 65. Qc7+
Kf8 66. Qd8+ Kf7 67. Qd5+ Qe6 68. Rf2+ Ke7 69. Qb7+ Kd6 70. Qb4+ Kd7 71. Qxd4+
Ke7 72. Qc5+ Kd7 73. Qb5+ Ke7 74. Qb7+ Kd6 75. Qb6+ Kd7 76. Qd4+ Ke7 77. Qg7+
Kd6 78. Qf8+ Qe7 79. Qb8+ Kd7 80. Qb7+ Kd8 81. Qd5+ Ke8 82. Qg8+ Kd7 83. Qd5+
Ke8 84. Qh5+ Kd7 85. Qb5+ Kd8 86. Qb8+ Kd7 87. Qb7+ Kd8 88. Qd5+ Ke8 1/2-1/2

[Event "USCL Week 1"]
[Site "Internet Chess Club"]
[Date "2014.08.26"]
[Round "?"]
[White "Francisco, Richard"]
[Black "Mo, Kevin"]
[Result "1-0"]
[WhiteElo "2382"]
[BlackElo "2334"]
[PlyCount "91"]
[EventDate "2014.??.??"]

1. e4 e5 2. Nf3 Nc6 3. Bb5 a6 4. Ba4 Nf6 5. d3 b5 6. Bb3 Be7 7. Nc3 d6 8. a4 b4
9. Nd5 Rb8 10. a5 O-O 11. h3 Nd4 12. Nxd4 exd4 13. O-O c6 14. Nb6 Be6 15. Nc4
Nd7 16. f4 d5 17. Nd2 dxe4 18. Bxe6 fxe6 19. Nxe4 Rb5 20. Qg4 Rff5 21. Ng3 Rf6
22. Nh5 Rg6 23. Qe2 Nf8 24. Bd2 Bd6 25. f5 exf5 26. Nf4 Rf6 27. c3 bxc3 28.
bxc3 dxc3 29. Bxc3 Bc5+ 30. Kh1 Bd4 31. Qa2+ Rf7 32. Ne2 Bxc3 33. Nxc3 Rc5 34.
Ne4 Rd5 35. Nc3 Rc5 36. Ne4 Re5 37. Qc4 Qd5 38. Nd2 Ne6 39. Qxa6 Re2 40. Nf3
Nf4 41. Qc4 Nxd3 42. Qxd5 cxd5 43. a6 Ra7 44. Nd4 Re8 45. Nb5 Raa8 46. Nc7 1-0

[Event "USCL Week 1"]
[Site "Internet Chess Club"]
[Date "2014.08.27"]
[Round "?"]
[White "Quang Liem, Le"]
[Black "Huschenbeth, Niclas"]
[Result "1-0"]
[WhiteElo "2778"]
[BlackElo "2603"]
[PlyCount "73"]
[EventDate "2014.??.??"]

1. d4 Nf6 2. c4 e6 3. Nc3 Bb4 4. Nf3 b6 5. Qc2 Bb7 6. a3 Bxc3+ 7. Qxc3 O-O 8.
Bg5 d6 9. Nd2 Nbd7 10. f3 h6 11. Bh4 e5 12. e4 exd4 13. Qxd4 c5 14. Qf2 Ne5 15.
g4 Re8 16. O-O-O a6 17. Rg1 b5 18. g5 hxg5 19. Bxg5 Rb8 20. f4 Ned7 21. Bh3 Qc7
22. Qh4 Nh7 23. Bh6 g6 24. Bxd7 Qxd7 25. f5 Qe7 26. Qxe7 Rxe7 27. fxg6 fxg6 28.
Rxg6+ Kf7 29. Rxd6 Bxe4 30. Re1 Ba8 31. Rg1 Nf8 32. Rxa6 Ne6 33. cxb5 Nd4 34.
Rg7+ Ke8 35. Rxe7+ Kxe7 36. a4 Rg8 37. Be3 1-0

[Event "USCL Week 1"]
[Site "Internet Chess Club"]
[Date "2014.08.27"]
[Round "?"]
[White "Banik, Siddharth"]
[Black "De la Parra, Daniela"]
[Result "1-0"]
[WhiteElo "2236"]
[BlackElo "1999"]
[PlyCount "51"]
[EventDate "2014.??.??"]

1. e4 e5 2. Nf3 Nc6 3. Bb5 f5 4. d4 fxe4 5. Nxe5 Nxe5 6. dxe5 c6 7. Nc3 cxb5 8.
Nxe4 d5 9. exd6 Nf6 10. O-O Bf5 11. Nxf6+ Qxf6 12. Re1+ Kf7 13. Qd5+ Kg6 14.
Bf4 Rd8 15. Rad1 b6 16. Be5 Qg5 17. Re3 h5 18. Rg3 Bg4 19. h3 Rh6 20. hxg4 hxg4
21. Qe4+ Kf7 22. Bf4 Qh5 23. Bxh6 Qxh6 24. d7 Bd6 25. Qd5+ Ke7 26. Re3+ 1-0

[Event "USCL Week 1"]
[Site "Internet Chess Club"]
[Date "2014.08.27"]
[Round "?"]
[White "Serna, Jeffrey"]
[Black "Panchanatham, Vignesh"]
[Result "0-1"]
[WhiteElo "2074"]
[BlackElo "2332"]
[PlyCount "132"]
[EventDate "2014.??.??"]

1. e4 e6 2. d4 d5 3. Nc3 Nf6 4. e5 Nfd7 5. f4 c5 6. Nf3 Nc6 7. Be3 a6 8. Qd2
Qb6 9. Nd1 cxd4 10. Nxd4 Bc5 11. c3 Nxd4 12. Bxd4 f6 13. b4 Bxd4 14. cxd4 Nb8
15. Ne3 Nc6 16. Nc2 O-O 17. Be2 Bd7 18. exf6 Rxf6 19. O-O Be8 20. f5 exf5 21.
Bf3 Rd8 22. a3 f4 23. Rad1 Bg6 24. Ne1 a5 25. Be2 axb4 26. axb4 Qxb4 27. Qxb4
Nxb4 28. Nf3 Nc2 29. Rd2 Be4 30. Ng5 Ne3 31. Nxe4 dxe4 32. Rb1 Rg6 33. Kh1 b6
34. h3 Kf8 35. Ba6 Nf5 36. Rf2 f3 37. gxf3 e3 38. Rg2 Ng3+ 39. Kh2 Rxd4 40.
Rbb2 Nh5 41. Rxg6 hxg6 42. Rxb6 Rd2+ 43. Kg1 e2 44. Kf2 Nf4 45. Rb4 g5 46. h4
Rd1 47. Bxe2 Rd2 48. Rb8+ Kf7 49. hxg5 Rxe2+ 50. Kg3 Ne6 51. f4 Kg6 52. Kf3
Nd4+ 53. Kg3 Nf5+ 54. Kf3 Re3+ 55. Kf2 Ra3 56. Rb5 Nd4 57. Rb6+ Kf5 58. Rb7 Ne6
59. Re7 g6 60. Rf7+ Kg4 61. f5 Rf3+ 62. Kg2 Nf4+ 63. Kh2 Rf2+ 64. Kg1 Nh3+ 65.
Kh1 Kg3 66. fxg6 Rh2# 0-1

[Event "USCL Week 1"]
[Site "Internet Chess Club"]
[Date "2014.08.27"]
[Round "?"]
[White "Bregadze, Levan"]
[Black "Akobian, Varuzhan"]
[Result "0-1"]
[WhiteElo "2530"]
[BlackElo "2758"]
[PlyCount "114"]
[EventDate "2014.??.??"]

1. Nf3 d5 2. c4 d4 3. e3 c5 4. b4 dxe3 5. fxe3 cxb4 6. d4 Nf6 7. Bd3 Nbd7 8.
O-O b6 9. Qa4 Bb7 10. a3 e6 11. axb4 a5 12. b5 Bb4 13. Qc2 Qc7 14. Ba3 Bxa3 15.
Rxa3 O-O 16. Nbd2 h6 17. Rc3 Rac8 18. Rc1 Rfe8 19. c5 bxc5 20. dxc5 Bxf3 21. b6
Nxb6 22. cxb6 Qxc3 23. Qxc3 Rxc3 24. Rxc3 Bb7 25. Nc4 Nd5 26. Ra3 Rb8 27. Rxa5
Bc6 28. Rc5 Bd7 29. Ra5 Be8 30. b7 Rxb7 31. Ra8 Nc7 32. Rc8 Kf8 33. Nd6 Ra7 34.
Bb5 Ke7 35. Bxe8 Kxd6 36. Bxf7 Nd5 37. Bh5 Nxe3 38. Bf3 Nf5 39. Rc6+ Ke7 40.
Rc4 Ra2 41. h3 Kf6 42. Rc8 Rd2 43. Rf8+ Ke7 44. Rg8 Rd8 45. Rxd8 Kxd8 46. Kf2
Ke7 47. Bb7 Kd6 48. Kf3 Ke5 49. Ba6 Ne7 50. Bc4 Nd5 51. Ba6 Kd4 52. Kg4 Ke3 53.
Bc8 Nf6+ 54. Kg3 e5 55. Bb7 e4 56. Ba6 g6 57. h4 Nh5+ 0-1

[Event "USCL Week 1"]
[Site "Internet Chess Club"]
[Date "2014.08.27"]
[Round "?"]
[White "Zheng, Andrew"]
[Black "Wilkins, Jacob"]
[Result "1-0"]
[WhiteElo "2208"]
[BlackElo "1909"]
[PlyCount "119"]
[EventDate "2014.??.??"]

1. d4 Nf6 2. c4 e6 3. Nc3 Bb4 4. e3 b6 5. Nf3 Bb7 6. Be2 O-O 7. O-O Bxc3 8.
bxc3 d6 9. Ba3 Nbd7 10. Rb1 c5 11. Qa4 Qc7 12. Rbd1 Rfd8 13. Nd2 Qc6 14. Qxc6
Bxc6 15. f3 Rac8 16. Kf2 Bb7 17. Rc1 Nb8 18. Rfd1 Nc6 19. g4 Na5 20. Nb3 Nxb3
21. axb3 Nd7 22. Rd2 Nb8 23. Rcd1 Re8 24. h4 Bc6 25. b4 cxb4 26. cxb4 Red8 27.
c5 dxc5 28. bxc5 bxc5 29. Bxc5 a6 30. Rb2 Bb5 31. Bxb5 axb5 32. Rxb5 Nd7 33.
Be7 Re8 34. Bd6 Rc6 35. Bf4 Nf6 36. e4 h6 37. Rd2 Rc4 38. Bh2 Rd8 39. d5 exd5
40. exd5 Rcc8 41. d6 Rd7 42. Rdb2 Rc6 43. g5 hxg5 44. hxg5 Nh5 45. Rb6 Rc8 46.
Rb8 Rcd8 47. Rxd8+ Rxd8 48. Rb7 Kf8 49. Ke3 g6 50. Kd4 Ng7 51. Kd5 Nf5 52. Be5
Ke8 53. Rc7 Ra8 54. Kc6 Ra6+ 55. Kd5 Ra5+ 56. Ke4 Ra4+ 57. Kd3 Ra3+ 58. Kc4 Ra8
59. Kb5 Ne3 60. Bf6 1-0